00992nam a2200277 i 450000100060000000300090000600500170001500800390003201500170007104000280008808000100011610000480012624500520017426000560022630000520028233600270033433700540036133800280041538000170044350400460046065800240050665500300053065000140056071000420057485600980061613516KOSZ 00520201216090818.0071004s1971 pl a f f |001 0 pol aPB 1971/4682 aWA NcWA NdKOSZ 005/RW a577.31 aPrzestalski, Stanisławd(1927-2017)eAutor10aWstęp do biofizyki /cStanisław Przestalski. aWarszawa :bPaństwowe Wydawnictwo Naukowe,c1971. a233, [2] strony :bilustracje, errata ;c24 cm. aTekstbtxt2rdacontent aBez urządzenia pośredniczącegobn2rdamedia aWoluminbnc2rdacarrier aKsiążki. aBibliografia na stronach 222-224. Indeks. aFizyka i astronomia 4aPodręczniki akademickie 4aBiofizyka2 aPaństwowe Wydawnictwo Naukowe4pbl. uhttp://koha.tu.koszalin.pl/cgi-bin/koha/opac-detail.pl?biblionumber=13516yKatalog online BPK